00395nam a2200121Ia 4500008004100000100001800041245009900059245003800158260000900196300001100205650001300216856004400229170221s9999 xx 000 0 und d aHarun, Harun. aAccounting Change and Institutional Capacity: The Case of a Provincial Government in Indonesia cHarun Harun and Haryono P. Kamase c2012 a32 : 3 xBusiness uhttp://ro.uow.edu.au/aabfj/vol6/iss2/4/